000 00640nam a2200229 i 4500
001 C2-0253551
003 PPAK
005 20180727220838.0
008 040327s1995 nyu |||| ||||| | eng d
020 _a1558284206
040 _aPPAK
_beng
_cPPAK
_erda
082 0 4 _a332.02400285416
_223
090 0 0 _a332.02400285416
_bROB
_dR
100 1 _aRobinson , Phillip,
_eauthor
245 1 0 _aPersonal finance on your computer:
_bStarter Kit
264 1 _aNew York :
_bMIS : Press ,
_c1995
300 _a293 pages ;
_c23 cm
336 _2rdacontent
_atext
337 _2rdamedia
_aunmediated
338 _2rdacarrier
_avolume
942 _ddc
_cB
999 _c66387
_d66387